[Event "4NCL Division Three Bishops"]
[Site "Telford, ENG"]
[Date "2024.01.06"]
[Round "3.65"]
[White "Gagan B R"]
[Black "Flynn, David"]
[Result "1-0"]
[WhiteElo "1888"]
[BlackElo "1901"]
[PlyCount "89"]
[EventDate "2024.01.06"]
[WhiteTeam "Barnet Knights B"]
[BlackTeam "Ashfield 1"]

1. d4 Nf6 2. Nc3 d5 3. Bf4 a6 4. e3 Bf5 5. f3 e6 6. g4 Bg6 7. h4 h6 8. Bd3 Bxd3
9. cxd3 Bd6 10. Nge2 Nc6 11. Kf2 Bxf4 12. Nxf4 Qd6 13. g5 Nd7 14. g6 Nxd4 15.
gxf7+ Kxf7 16. Qg1 Rhg8 17. Qg6+ Ke7 18. Qg4 Nc6 19. d4 Nf6 20. Qg6 Kd7 21.
Rag1 Ne7 22. Qc2 Raf8 23. Ke2 Kc8 24. Nd3 Nd7 25. f4 Nc6 26. a3 Nb6 27. h5 Qd7
28. Nb1 Rf5 29. Nc5 Qf7 30. Rg6 Rxh5 31. Rxh5 Nxd4+ 32. exd4 Qxf4 33. Nxe6 Re8
34. Rf5 Qh2+ 35. Rf2 Qd6 36. Qf5 Kb8 37. Kf1 Nc4 38. Kg1 Ne3 39. Qf7 Re7 40.
Qf8+ Ka7 41. Nf4 Qd7 42. Nc3 Ng4 43. Re2 Rf7 44. Qc5+ b6 45. Qxd5 1-0

[Event "4NCL Division Three Bishops"]
[Site "Telford, ENG"]
[Date "2024.01.06"]
[Round "3.66"]
[White "Garnett, John S"]
[Black "Robinson, James"]
[Result "1/2-1/2"]
[WhiteElo "1949"]
[BlackElo "1874"]
[PlyCount "63"]
[EventDate "2024.01.06"]
[WhiteTeam "Ashfield 1"]
[BlackTeam "Barnet Knights B"]

1. c4 e5 2. g3 Bc5 3. Bg2 Nf6 4. Nc3 a6 5. e3 O-O 6. d4 exd4 7. exd4 Re8+ 8.
Nge2 Bf8 9. O-O d6 10. Bg5 h6 11. Bf4 c6 12. Qc2 Bg4 13. Rfe1 Qc8 14. Rad1 Bh3
15. Nc1 Rxe1+ 16. Rxe1 Bxg2 17. Kxg2 Qg4 18. f3 Qh5 19. Nb3 g5 20. Bc1 Nbd7 21.
Qf5 Qg6 22. Qxg6+ fxg6 23. Nd2 Kf7 24. Nde4 Re8 25. Kf2 d5 26. cxd5 cxd5 27.
Nxf6 Rxe1 28. Kxe1 Nxf6 29. Na4 Nd7 30. Bd2 b5 31. Nc3 Ke6 32. Ke2 1/2-1/2

[Event "4NCL Division Three Bishops"]
[Site "Telford, ENG"]
[Date "2024.01.07"]
[Round "4.11"]
[White "Naylor-Eade, Michael A"]
[Black "Okhai, Shabir"]
[Result "1-0"]
[WhiteElo "1985"]
[BlackElo "2114"]
[PlyCount "97"]
[EventDate "2024.01.07"]
[WhiteTeam "Ashfield 1"]
[BlackTeam "The Rookies"]

1. e4 e5 2. Nf3 Nc6 3. Bb5 a6 4. Ba4 Nf6 5. O-O Be7 6. Re1 b5 7. Bb3 d6 8. c3
O-O 9. h3 Nb8 10. d4 Nbd7 11. Nbd2 Bb7 12. Bc2 Re8 13. Nf1 Bf8 14. Ng3 g6 15.
Bg5 h6 16. Bd2 exd4 17. cxd4 c5 18. a4 cxd4 19. axb5 axb5 20. Nxd4 Qb6 21. Be3
Rxa1 22. Qxa1 Nc5 23. Ndf5 Qc6 24. f3 gxf5 25. Nxf5 Ne6 26. b4 Nd7 27. Bb3 Ne5
28. Bxh6 Bxh6 29. Nxh6+ Kh7 30. Nf5 Qb6+ 31. Kh1 Rg8 32. Qc1 Rg6 33. Rd1 Ng7
34. Ne7 Rh6 35. Qf4 Nh5 36. Qf5+ Kg7 37. Qg5+ Rg6 38. Qxh5 Qf2 39. Nxg6 fxg6
40. Qg5 Bc6 41. Rxd6 Qb2 42. Qf6+ Kh6 43. Rd8 Be8 44. Rxe8 Qa1+ 45. Bd1 Qxd1+
46. Kh2 Ng4+ 47. hxg4 Qg1+ 48. Kxg1 Kh7 49. Rh8# 1-0

[Event "4NCL Division Three Bishops"]
[Site "Telford, ENG"]
[Date "2024.01.07"]
[Round "4.12"]
[White "Agnew, Alan"]
[Black "Truman, Richard G"]
[Result "1-0"]
[WhiteElo "2160"]
[BlackElo "1968"]
[PlyCount "93"]
[EventDate "2024.01.07"]
[WhiteTeam "The Rookies"]
[BlackTeam "Ashfield 1"]

1. d4 Nf6 2. Nf3 g6 3. c4 Bg7 4. Nc3 d5 5. cxd5 Nxd5 6. e4 Nxc3 7. bxc3 O-O 8.
Rb1 c5 9. Be2 cxd4 10. cxd4 Qa5+ 11. Qd2 Qxd2+ 12. Bxd2 Nc6 13. d5 Nd4 14. Nxd4
Bxd4 15. Bb4 a6 16. Bxe7 Re8 17. d6 b5 18. O-O Ra7 19. Rfd1 Be5 20. g3 Be6 21.
f4 Bc3 22. a3 Raxe7 23. dxe7 Rxe7 24. Kf2 h5 25. Rd6 Ra7 26. e5 Bf5 27. Bd3 Bg4
28. Ke3 Kg7 29. Be4 Ba5 30. Rc1 Bd7 31. Bc6 Bg4 32. Bd5 Bc7 33. Rxc7 Rxc7 34.
Rxa6 Rc2 35. Ra7 Rxh2 36. Rxf7+ Kh6 37. Bf3 Ra2 38. Bxg4 Rxa3+ 39. Ke4 hxg4 40.
e6 Rxg3 41. e7 Rg1 42. Ke5 Re1+ 43. Kf6 g3 44. Rg7 Kh5 45. Rxg6 Kh4 46. Kf7 b4
47. Re6 1-0

[Event "4NCL Division Three Bishops"]
[Site "Telford, ENG"]
[Date "2024.01.07"]
[Round "4.13"]
[White "Flynn, David"]
[Black "Burrows, Martin P"]
[Result "1-0"]
[WhiteElo "1901"]
[BlackElo "2160"]
[PlyCount "69"]
[EventDate "2024.01.07"]
[WhiteTeam "Ashfield 1"]
[BlackTeam "The Rookies"]

1. e4 e5 2. Nf3 Nc6 3. d4 exd4 4. Nxd4 Bc5 5. Nb3 Bb6 6. Nc3 d6 7. Qe2 Nge7 8.
Bg5 f6 9. Bh4 O-O 10. O-O-O a5 11. a4 Nb4 12. f3 Kh8 13. Bf2 Bxf2 14. Qxf2 Bd7
15. Bc4 Qe8 16. Nb5 Bxb5 17. Bxb5 c6 18. Be2 d5 19. exd5 Nexd5 20. Rd2 b5 21.
Nc5 Ne3 22. Bd3 Nxd3+ 23. Rxd3 Nc4 24. Re1 Qg6 25. f4 Rfe8 26. Red1 Nb6 27.
axb5 cxb5 28. Kb1 a4 29. Ne6 Rab8 30. f5 Qh5 31. Qg3 Qf7 32. Nd8 Rbxd8 33. Rxd8
Qh5 34. Rxe8+ Qxe8 35. Qc7 1-0

[Event "4NCL Division Three Bishops"]
[Site "Telford, ENG"]
[Date "2024.01.07"]
[Round "4.14"]
[White "Byron, Alan M"]
[Black "Garnett, John S"]
[Result "1/2-1/2"]
[WhiteElo "2134"]
[BlackElo "1949"]
[PlyCount "94"]
[EventDate "2024.01.07"]
[WhiteTeam "The Rookies"]
[BlackTeam "Ashfield 1"]

1. e4 d5 2. exd5 Nf6 3. Bb5+ Nbd7 4. Nf3 a6 5. Be2 Nxd5 6. d4 g6 7. c4 N5f6 8.
Nc3 Bg7 9. Bf4 O-O 10. Qd2 c5 11. d5 Qa5 12. O-O Rd8 13. h3 Nh5 14. Bg5 Re8 15.
Be3 Nhf6 16. Bh6 Bh8 17. Rfe1 b5 18. cxb5 Nb6 19. Ne5 Nfxd5 20. Nc6 Bxc3 21.
bxc3 Qxc3 22. Qd1 Bd7 23. Bd2 Qf6 24. a4 axb5 25. axb5 Bxc6 26. bxc6 Rxa1 27.
Qxa1 Qxc6 28. Bh6 Qf6 29. Qc1 Qc3 30. Qb1 Nd7 31. Rc1 Qe5 32. Bf3 Rb8 33. Qd3
N5f6 34. Be3 Qd6 35. Qc2 Rc8 36. Rd1 Qe6 37. Bf4 Qf5 38. Qc1 Ne5 39. Be2 c4 40.
Qe3 Nd3 41. Bxd3 cxd3 42. Bh6 Nd5 43. Qxd3 Qxd3 44. Rxd3 e6 45. h4 f6 46. Ra3
Ne7 47. Bd2 Rc7 1/2-1/2

[Event "4NCL Division Three Bishops"]
[Site "Telford, ENG"]
[Date "2024.01.07"]
[Round "4.15"]
[White "Walentowicz, Stefan"]
[Black "Gibson, Christopher A"]
[Result "0-1"]
[WhiteElo "1867"]
[BlackElo "1901"]
[PlyCount "84"]
[EventDate "2024.01.07"]
[WhiteTeam "Ashfield 1"]
[BlackTeam "The Rookies"]

1. d4 d5 2. Nf3 Nf6 3. e3 c5 4. c3 e6 5. Bd3 Nbd7 6. Nbd2 b6 7. O-O Bb7 8. b3
Be7 9. Qc2 Qc7 10. Bb2 O-O 11. Rac1 e5 12. dxe5 Nxe5 13. Nxe5 Qxe5 14. c4 Qh5
15. cxd5 Bxd5 16. Bxf6 Bxf6 17. e4 Bb7 18. f4 Bd4+ 19. Kh1 Be3 20. Rf3 Bxd2 21.
Qxd2 Rad8 22. Rh3 Qg4 23. Qe3 Rd4 24. Rg3 Qd7 25. e5 Rd8 26. Bxh7+ Kxh7 27. h3
Qf5 28. Rf1 Rd3 29. Qf2 Rxg3 30. Qxg3 Rd3 31. Qh4+ Kg8 32. Kh2 Rd2 33. Rf2 Qd7
34. f5 Rxf2 35. Qxf2 Qd5 36. Qg3 b5 37. f6 g6 38. Qg5 c4 39. bxc4 bxc4 40. h4
Qxg2+ 41. Qxg2 Bxg2 42. Kxg2 c3 0-1

[Event "4NCL Division Three Bishops"]
[Site "Telford, ENG"]
[Date "2024.01.07"]
[Round "4.16"]
[White "Jaszkiwskyj, Peter"]
[Black "Hardman, Daniel"]
[Result "0-1"]
[WhiteElo "1965"]
[BlackElo "1857"]
[PlyCount "82"]
[EventDate "2024.01.07"]
[WhiteTeam "The Rookies"]
[BlackTeam "Ashfield 1"]

1. d4 Nf6 2. c4 e6 3. Nc3 d5 4. Bg5 h6 5. Bh4 Be7 6. e3 O-O 7. Nf3 b6 8. cxd5
exd5 9. Bd3 Nbd7 10. O-O Bb7 11. Rc1 Rc8 12. Qe2 Ne4 13. Bxe7 Qxe7 14. Nb5 c5
15. Nxa7 Ra8 16. Nb5 Rxa2 17. Na3 c4 18. Bxe4 dxe4 19. Nd2 Rxb2 20. Naxc4 Ba6
21. Rfd1 Rc8 22. Qe1 Ra2 23. Ne5 Rxc1 24. Rxc1 Nxe5 25. dxe5 Qxe5 26. Nb3 Qb5
27. Nd4 Qa5 28. Qd1 Bd3 29. Qg4 Ra1 30. Qc8+ Kh7 31. h3 Rxc1+ 32. Qxc1 Qc5 33.
Qb2 b5 34. Kh2 b4 35. Qa2 Qc4 36. Qa4 Qc7+ 37. g3 Qc4 38. Qe8 Qa2 39. Kg2 g6
40. Nc6 Bb5 41. Nxb4 Qc4 0-1

[Event "4NCL Division Three Bishops"]
[Site "Telford, ENG"]
[Date "2024.01.07"]
[Round "4.21"]
[White "Gayson, Peter M"]
[Black "Salmons, Calum"]
[Result "0-1"]
[WhiteElo "2131"]
[BlackElo "1974"]
[PlyCount "82"]
[EventDate "2024.01.07"]
[WhiteTeam "Chessable White Rose 3"]
[BlackTeam "Sussex Martlets 3"]

1. e4 c5 2. Nf3 d6 3. d4 cxd4 4. Nxd4 Nf6 5. Nc3 g6 6. f4 Nc6 7. Be2 Bg7 8. Be3
O-O 9. Nb3 a6 10. a4 Be6 11. O-O Rc8 12. Kh1 Na5 13. Nxa5 Qxa5 14. Bf3 Qb4 15.
Rb1 Rfd8 16. h3 Bd7 17. e5 dxe5 18. fxe5 Bc6 19. Qe2 Ne4 20. Bxe4 Bxe4 21. e6
f5 22. Bg5 Bxc3 23. bxc3 Qxc3 24. Rf2 Qxh3+ 25. Kg1 Qa3 26. Rd1 Rd6 27. c4 Rxe6
28. Bh6 Qxa4 29. Rd2 Qa1+ 30. Rf1 Qf6 31. Rfd1 Rd6 32. c5 Rxc5 33. Bf4 Rxd2 34.
Qxd2 Rd5 35. Qa2 Qf7 36. Qa1 Rxd1+ 37. Qxd1 Qd5 38. Qc1 Qa2 39. Qc8+ Kf7 40.
Kf1 Bxg2+ 41. Ke1 Qe6+ 0-1

[Event "4NCL Division Three Bishops"]
[Site "Telford, ENG"]
[Date "2024.01.07"]
[Round "4.22"]
[White "Higgs, Anthony R J"]
[Black "Shaw, Peter"]
[Result "1-0"]
[WhiteElo "1946"]
[BlackElo "2051"]
[PlyCount "59"]
[EventDate "2024.01.07"]
[WhiteTeam "Sussex Martlets 3"]
[BlackTeam "Chessable White Rose 3"]

1. d4 e6 2. Bf4 f5 3. g4 d6 4. e3 fxg4 5. h3 gxh3 6. Nxh3 Nf6 7. Nc3 Nc6 8. Bg2
Bd7 9. Qe2 Qe7 10. O-O-O O-O-O 11. d5 exd5 12. Nxd5 Nxd5 13. Bxd5 h6 14. Qb5 a6
15. Qb3 g5 16. Bg3 Bg7 17. f4 g4 18. Nf2 h5 19. Bh4 Bf6 20. Bxf6 Qxf6 21. Ne4
Qe7 22. Ng5 Rde8 23. e4 Qf6 24. Rhf1 Nd8 25. e5 dxe5 26. Ne4 Qe7 27. fxe5 Bc6
28. Bxc6 Nxc6 29. Rf7 Qxe5 30. Nd6+ 1-0

[Event "4NCL Division Three Bishops"]
[Site "Telford, ENG"]
[Date "2024.01.07"]
[Round "4.23"]
[White "Yu, Hongyi"]
[Black "Honarvarmahalati, Hooman"]
[Result "1-0"]
[WhiteElo "2074"]
[BlackElo "1852"]
[PlyCount "151"]
[EventDate "2024.01.07"]
[WhiteTeam "Chessable White Rose 3"]
[BlackTeam "Sussex Martlets 3"]

1. e4 d6 2. d4 Nf6 3. Nc3 Nbd7 4. Nf3 e5 5. Be2 c6 6. O-O Qc7 7. a4 Be7 8. Re1
h6 9. h3 g5 10. Nh2 Nf8 11. dxe5 dxe5 12. Ng4 Bd7 13. Nxf6+ Bxf6 14. Be3 Rd8
15. Bg4 Ng6 16. Qf3 Be7 17. Bxd7+ Rxd7 18. a5 Bb4 19. Bxa7 Bxa5 20. Bc5 b6 21.
Ba3 c5 22. Red1 Bxc3 23. Qxc3 O-O 24. g3 Rd4 25. Qf3 Qc6 26. Rxd4 exd4 27. Qf5
Re8 28. Re1 Re5 29. Qg4 f5 30. Qh5 Kg7 31. b4 Rxe4 32. Rxe4 Qxe4 33. bxc5 Ne5
34. Qd1 Nf3+ 35. Kf1 bxc5 36. Bxc5 g4 37. hxg4 fxg4 38. Qe2 d3 39. Qxe4 Nd2+
40. Ke1 Nxe4 41. Bd4+ Kg6 42. cxd3 Nd6 43. Kd2 Kf5 44. Ke3 h5 45. Bc5 Ne8 46.
Be7 Nc7 47. Kd4 Nb5+ 48. Kc4 Nc7 49. d4 Ke4 50. Bc5 Kf5 51. d5 Ne8 52. Kd4 Nf6
53. Be7 Nd7 54. Bd8 Kg6 55. Ba5 Kf6 56. Bb4 Kg5 57. Ke4 Kf6 58. Bc3+ Kg5 59.
Bd2+ Kf6 60. Kf4 Kg6 61. Bb4 Kf6 62. Bc3+ Kg6 63. Bd4 Nf8 64. Ke5 Kg5 65. Kd6
h4 66. gxh4+ Kxh4 67. Ke7 Ng6+ 68. Kf6 Nf4 69. d6 Nd5+ 70. Ke6 Nb4 71. d7 Nc6
72. Be5 Kh3 73. Bg3 Kg2 74. Kd6 Nd8 75. Ke7 Nc6+ 76. Ke8 1-0

[Event "4NCL Division Three Bishops"]
[Site "Telford, ENG"]
[Date "2024.01.07"]
[Round "4.24"]
[White "Wannasin Bell, Charlie"]
[Black "Burnett, Jim"]
[Result "0-1"]
[WhiteElo "1498"]
[BlackElo "2125"]
[PlyCount "94"]
[EventDate "2024.01.07"]
[WhiteTeam "Sussex Martlets 3"]
[BlackTeam "Chessable White Rose 3"]

1. b4 d5 2. Bb2 Bf5 3. Nf3 e6 4. b5 Nf6 5. e3 Be7 6. c4 O-O 7. Be2 h6 8. O-O c6
9. d4 dxc4 10. bxc6 Nxc6 11. Bxc4 Na5 12. Bd3 Bxd3 13. Qxd3 Rc8 14. Nbd2 Nd7
15. Rfc1 Nc5 16. Qe2 Na4 17. Qb5 Nxb2 18. Rxc8 Qxc8 19. Qxa5 a6 20. Rb1 Nd3 21.
Qb6 Nb4 22. Rxb4 Bxb4 23. Qxb4 b5 24. Qa5 Qc1+ 25. Nf1 Rc8 26. Qxa6 b4 27. Qa4
Qa3 28. Qxa3 bxa3 29. Ne1 Rc1 30. Nf3 Ra1 31. N3d2 Rxa2 32. Nc4 Ra1 33. Nxa3
Rxa3 34. g4 g5 35. Ng3 f6 36. Kg2 Kf7 37. Kf3 Ra6 38. e4 Ra3+ 39. Ke2 Ke7 40.
d5 exd5 41. Nf5+ Ke6 42. exd5+ Kxd5 43. f3 Ra2+ 44. Kf1 Rxh2 45. Kg1 Ra2 46.
Nxh6 Ke5 47. Ng8 Kf4 0-1

[Event "4NCL Division Three Bishops"]
[Site "Telford, ENG"]
[Date "2024.01.07"]
[Round "4.25"]
[White "Edwards-Wright, Miles D"]
[Black "Woods, Timothy J"]
[Result "1-0"]
[WhiteElo "2045"]
[BlackElo "1537"]
[PlyCount "83"]
[EventDate "2024.01.07"]
[WhiteTeam "Chessable White Rose 3"]
[BlackTeam "Sussex Martlets 3"]

1. g3 g6 2. Bg2 Bg7 3. c4 d6 4. Nc3 Nc6 5. b3 e5 6. Bb2 f5 7. e3 Nf6 8. Nge2
O-O 9. d4 e4 10. a3 a5 11. h4 Ne7 12. Nf4 c6 13. h5 g5 14. h6 Bh8 15. Nh5 Nxh5
16. Rxh5 Ng6 17. Qd2 Qe7 18. Bf1 Bd7 19. Be2 Be8 20. Rh1 Bf7 21. Bh5 Rfb8 22.
Bxg6 Bxg6 23. d5 Re8 24. Rd1 c5 25. Nb5 Bxb2 26. Qxb2 Rad8 27. Qc3 b6 28. b4
axb4 29. axb4 Qe5 30. Qxe5 Rxe5 31. bxc5 bxc5 32. Ra1 Re7 33. Kd2 Be8 34. Kc3
Kf7 35. Ra6 Bxb5 36. cxb5 Rb7 37. Kc4 Kg6 38. b6 Rdb8 39. Kb5 Kf6 40. Kc6 Ke5
41. Rb1 c4 42. Ra7 1-0

[Event "4NCL Division Three Bishops"]
[Site "Telford, ENG"]
[Date "2024.01.07"]
[Round "4.26"]
[White "Finlay, Liam"]
[Black "Wills, Tom"]
[Result "0-1"]
[WhiteElo "1451"]
[BlackElo "1922"]
[PlyCount "70"]
[EventDate "2024.01.07"]
[WhiteTeam "Sussex Martlets 3"]
[BlackTeam "Chessable White Rose 3"]

1. e4 c5 2. Nf3 d6 3. d4 cxd4 4. Nxd4 Nf6 5. Nc3 Nc6 6. Bc4 Qb6 7. Nb3 e6 8.
Be3 Qc7 9. Nb5 Qb8 10. f3 a6 11. N5d4 Qc7 12. Qd2 Ne5 13. Bd3 Nc4 14. Bxc4 Qxc4
15. Qd3 Qc7 16. O-O Bd7 17. Rac1 Be7 18. Rfd1 O-O 19. c4 b6 20. Nd2 Qb7 21. b4
Rac8 22. N4b3 Rfd8 23. Qe2 Ba4 24. Re1 d5 25. c5 dxe4 26. f4 Nd5 27. a3 Nxe3
28. Qxe3 Rd3 29. Qf2 Bxb3 30. cxb6 Rxc1 31. Rxc1 e3 32. Qf3 exd2 33. Qxb7
dxc1=Q+ 34. Kf2 Qc2+ 35. Ke1 Rd1# 0-1

[Event "4NCL Division Three Bishops"]
[Site "Telford, ENG"]
[Date "2024.01.07"]
[Round "4.31"]
[White "Wilson, Edgar"]
[Black "Pal, Rohan"]
[Result "0-1"]
[WhiteElo "2008"]
[BlackElo "2088"]
[PlyCount "82"]
[EventDate "2024.01.07"]
[WhiteTeam "Oxford 2"]
[BlackTeam "Warwickshire Select 2"]

1. e4 c5 2. Nf3 e6 3. d4 cxd4 4. Nxd4 Nf6 5. Nc3 Nc6 6. Ndb5 d6 7. Bf4 e5 8.
Bg5 a6 9. Na3 b5 10. Nd5 Be7 11. Bxf6 Bxf6 12. c3 Rb8 13. Nc2 Bg5 14. g3 O-O
15. Bg2 Be6 16. O-O Ne7 17. Nce3 Bxe3 18. Nxe3 Qb6 19. Qe2 a5 20. Rfd1 b4 21.
Qd3 bxc3 22. bxc3 Rfc8 23. c4 Rc6 24. Rab1 Qc7 25. Bf1 Rd8 26. Rb2 Rc5 27. Rdb1
Nc6 28. Rb7 Qc8 29. a3 Nd4 30. Qd1 g6 31. R7b6 Qa8 32. Nd5 Bxd5 33. cxd5 Qc8
34. h4 h5 35. Be2 Rc2 36. Bf3 Rd2 37. Qa4 Nxf3+ 38. Kg2 Nxh4+ 39. gxh4 Qg4+ 40.
Kh1 Qxh4+ 41. Kg2 Rxf2+ 0-1

[Event "4NCL Division Three Bishops"]
[Site "Telford, ENG"]
[Date "2024.01.07"]
[Round "4.32"]
[White "Paterson, Andrew I"]
[Black "Dickinson, Tim R"]
[Result "1-0"]
[WhiteElo "2118"]
[BlackElo "2044"]
[PlyCount "99"]
[EventDate "2024.01.07"]
[WhiteTeam "Warwickshire Select 2"]
[BlackTeam "Oxford 2"]

1. c4 b6 2. d4 Bb7 3. Nc3 e6 4. Nf3 Nf6 5. e3 Bb4 6. Qc2 O-O 7. Bd3 c5 8. a3
Bxc3+ 9. bxc3 d5 10. cxd5 exd5 11. O-O Qc7 12. Bb2 Nbd7 13. a4 Rac8 14. Rfc1
Rfe8 15. Bf5 g6 16. Bh3 cxd4 17. Nxd4 a6 18. Nf3 Ne4 19. Nd2 f5 20. Nxe4 Rxe4
21. g3 Nf6 22. Bf1 Qf7 23. Qb3 Qe6 24. c4 dxc4 25. Qc3 Kf7 26. Bg2 Qe7 27. Bxe4
Nxe4 28. Qg7+ Ke6 29. Qe5+ Kf7 30. Qg7+ Ke6 31. Qe5+ Kf7 32. Qd4 c3 33. Bxc3
Rxc3 34. Rxc3 Nxc3 35. Qxc3 Qe4 36. Kf1 Qg2+ 37. Ke1 Bf3 38. Qc4+ Kg7 39. h4 b5
40. axb5 Qg1+ 41. Qf1 Qxf1+ 42. Kxf1 axb5 43. Ke1 Bd5 44. Rb1 Bc4 45. Kd2 h6
46. Kc3 g5 47. hxg5 hxg5 48. f3 Kf6 49. Kd4 Ke6 50. Ra1 1-0

[Event "4NCL Division Three Bishops"]
[Site "Telford, ENG"]
[Date "2024.01.07"]
[Round "4.33"]
[White "Terry, Sean"]
[Black "Vaidyanathan, Adithya"]
[Result "0-1"]
[WhiteElo "1868"]
[BlackElo "2041"]
[PlyCount "81"]
[EventDate "2024.01.07"]
[WhiteTeam "Oxford 2"]
[BlackTeam "Warwickshire Select 2"]

1. e4 c5 2. Nf3 Nc6 3. Nc3 g6 4. h4 h5 5. d3 Bg7 6. Be2 e6 7. O-O d5 8. Bg5
Nge7 9. Re1 O-O 10. Bf1 Qa5 11. Qc1 Kh7 12. exd5 Nxd5 13. Nxd5 exd5 14. c3 Bg4
15. Nh2 Bf5 16. Bf4 Rfe8 17. Nf3 Qb6 18. Qd2 d4 19. Rxe8 dxc3 20. Ng5+ Kh6 21.
bxc3 Rxe8 22. Nxf7+ Kh7 23. Ng5+ Kh8 24. Re1 Rc8 25. Ne6 Bxe6 26. Rxe6 Kh7 27.
d4 cxd4 28. Bd3 dxc3 29. Bxg6+ Kh8 30. Qe2 Qc5 31. Bd6 Qd5 32. Bf7 Qf5 33. Re8+
Rxe8 34. Qxe8+ Kh7 35. Bg8+ Kh6 36. Qe3+ Kg6 37. Qe8+ Kh6 38. Qe3+ Kg6 39. Bf4
Ne5 40. Bd5 c2 41. Qe1 0-1

[Event "4NCL Division Three Bishops"]
[Site "Telford, ENG"]
[Date "2024.01.07"]
[Round "4.34"]
[White "Fellowes, Billy"]
[Black "Staples, Neil"]
[Result "1-0"]
[WhiteElo "2084"]
[BlackElo "1747"]
[PlyCount "73"]
[EventDate "2024.01.07"]
[WhiteTeam "Warwickshire Select 2"]
[BlackTeam "Oxford 2"]

1. d4 d6 2. Nc3 g6 3. e4 Bg7 4. Nf3 Nd7 5. h4 h6 6. h5 g5 7. Be3 e6 8. Be2 b6
9. Qd3 Bb7 10. O-O-O a6 11. Nd2 Qe7 12. g3 O-O-O 13. f4 f6 14. Bf3 Kb8 15. Rde1
Re8 16. Bf2 Qd8 17. Qc4 e5 18. Rhg1 Ne7 19. d5 Ref8 20. f5 Nc8 21. a4 Ne7 22.
Ne2 a5 23. Qb3 Nc5 24. Bxc5 dxc5 25. Nc4 Nc8 26. d6 cxd6 27. Nc3 Qc7 28. Rd1
Rd8 29. Rd2 Ka8 30. Nb5 Qc6 31. Rgd1 Ba6 32. Ncxd6 Bxb5 33. Nxb5 Rxd2 34. Rxd2
Kb7 35. Be2 Re8 36. Bc4 Re7 37. Bd5 1-0

[Event "4NCL Division Three Bishops"]
[Site "Telford, ENG"]
[Date "2024.01.07"]
[Round "4.35"]
[White "Beckett, Richard"]
[Black "Patel, Keatan"]
[Result "0-1"]
[WhiteElo "1667"]
[BlackElo "1959"]
[PlyCount "88"]
[EventDate "2024.01.07"]
[WhiteTeam "Oxford 2"]
[BlackTeam "Warwickshire Select 2"]

1. e4 e5 2. Nf3 Nc6 3. d4 exd4 4. Bc4 Bb4+ 5. c3 dxc3 6. O-O Nf6 7. a3 Be7 8.
e5 Ng4 9. Qd5 O-O 10. h3 cxb2 11. Bxb2 Nh6 12. Nc3 d6 13. exd6 Qxd6 14. Qh5 Qg6
15. Qxg6 hxg6 16. Rfe1 Nf5 17. Nd5 Bd6 18. g4 Nfe7 19. Nc3 b6 20. Ne4 Bf4 21.
Neg5 Bb7 22. Nxf7 Rxf7 23. Bxf7+ Kxf7 24. Rad1 Rd8 25. Rxd8 Nxd8 26. Ne5+ Bxe5
27. Rxe5 c5 28. f4 Ndc6 29. Re1 Nd4 30. Kf2 Nec6 31. h4 b5 32. Rc1 Nb3 33. Rd1
Ncd4 34. Bxd4 cxd4 35. Ke2 Be4 36. Rg1 Bc2 37. Rg3 d3+ 38. Rxd3 Bxd3+ 39. Kxd3
a5 40. Kc3 Nc5 41. h5 gxh5 42. gxh5 b4+ 43. axb4 axb4+ 44. Kxb4 Nd3+ 0-1

[Event "4NCL Division Three Bishops"]
[Site "Telford, ENG"]
[Date "2024.01.07"]
[Round "4.36"]
[White "Shivakumar, Akshath"]
[Black "Curran, David P"]
[Result "1/2-1/2"]
[WhiteElo "1796"]
[BlackElo "1653"]
[PlyCount "51"]
[EventDate "2024.01.07"]
[WhiteTeam "Warwickshire Select 2"]
[BlackTeam "Oxford 2"]

1. d4 Nf6 2. c4 g6 3. Nc3 Bg7 4. e4 d6 5. Nf3 O-O 6. Be2 a5 7. O-O Nbd7 8. h3
e5 9. Be3 Re8 10. d5 b6 11. Rc1 Nc5 12. Bxc5 bxc5 13. Ne1 Bd7 14. Nd3 c6 15. b3
cxd5 16. cxd5 Re7 17. Qc2 Ne8 18. Rce1 f5 19. Bf3 f4 20. Qe2 Nf6 21. Bg4 h5 22.
Bxd7 Qxd7 23. Na4 Rf8 24. f3 h4 25. Nf2 Nh5 26. Nh1 1/2-1/2

[Event "4NCL Division Three Bishops"]
[Site "Telford, ENG"]
[Date "2024.01.07"]
[Round "4.41"]
[White "Grillage, Andrew"]
[Black "Ogunshola, Ben"]
[Result "1/2-1/2"]
[WhiteElo "1996"]
[BlackElo "2027"]
[PlyCount "32"]
[EventDate "2024.01.07"]
[WhiteTeam "Shropshire & Friends"]
[BlackTeam "Brown Jack"]

1. d4 d6 2. Nf3 g6 3. e4 Bg7 4. Be2 Nf6 5. Nc3 O-O 6. O-O a6 7. a4 b6 8. Re1
Bb7 9. Bf1 e6 10. Bg5 h6 11. Bh4 Qe8 12. Qd2 Nfd7 13. Bg3 Nc6 14. d5 Ne7 15.
dxe6 fxe6 16. Bc4 Nc6 1/2-1/2

[Event "4NCL Division Three Bishops"]
[Site "Telford, ENG"]
[Date "2024.01.07"]
[Round "4.42"]
[White "Gordon, Sean"]
[Black "Lewis, Christopher D"]
[Result "1-0"]
[WhiteElo "1968"]
[BlackElo "1928"]
[PlyCount "67"]
[EventDate "2024.01.07"]
[WhiteTeam "Brown Jack"]
[BlackTeam "Shropshire & Friends"]

1. e4 c6 2. Nf3 d5 3. d3 Bg4 4. Be2 e6 5. O-O Qc7 6. h3 Bxf3 7. Bxf3 Nd7 8. c3
dxe4 9. dxe4 Ngf6 10. Qc2 h6 11. g3 Bc5 12. Kg2 Bb6 13. Na3 Qb8 14. Bf4 e5 15.
Bd2 O-O 16. Nc4 Bd8 17. Ne3 b5 18. Nf5 Kh7 19. Rae1 Nb6 20. Qc1 Ng8 21. b3 Nc8
22. g4 Nce7 23. Rh1 Ng6 24. h4 Nf4+ 25. Bxf4 exf4 26. e5 Qb6 27. Qxf4 Bc7 28.
Be4 g6 29. g5 f6 30. h5 fxg5 31. hxg6+ Kxg6 32. Nxh6+ Kg7 33. Qxg5+ Kh8 34.
Nf7# 1-0

[Event "4NCL Division Three Bishops"]
[Site "Telford, ENG"]
[Date "2024.01.07"]
[Round "4.43"]
[White "Pugh, Glyn D"]
[Black "Tomboline, David"]
[Result "1/2-1/2"]
[WhiteElo "1892"]
[BlackElo "1927"]
[PlyCount "22"]
[EventDate "2024.01.07"]
[WhiteTeam "Shropshire & Friends"]
[BlackTeam "Brown Jack"]

1. d4 d5 2. c4 c6 3. Nc3 Nf6 4. Nf3 e6 5. g3 dxc4 6. Bg2 b5 7. Ne5 Qb6 8. a4
Bb7 9. a5 Qa6 10. O-O b4 11. Na4 Nbd7 1/2-1/2

[Event "4NCL Division Three Bishops"]
[Site "Telford, ENG"]
[Date "2024.01.07"]
[Round "4.44"]
[White "Conterno, Dominique"]
[Black "Higgie, Charles L"]
[Result "0-1"]
[WhiteElo "1842"]
[BlackElo "1930"]
[PlyCount "62"]
[EventDate "2024.01.07"]
[WhiteTeam "Brown Jack"]
[BlackTeam "Shropshire & Friends"]

1. e4 c5 2. Nf3 d6 3. d4 cxd4 4. Nxd4 Nf6 5. Nc3 Nc6 6. Bc4 e6 7. Bb3 a6 8. Be3
Bd7 9. Qe2 Be7 10. O-O-O b5 11. Nxc6 Bxc6 12. e5 Ng8 13. Qg4 g6 14. exd6 Bf6
15. Bxe6 fxe6 16. Qxe6+ Kf8 17. d7 Bxg2 18. Rhe1 Kg7 19. Bb6 Qf8 20. d8=Q Bxd8
21. Rd7+ Kh6 22. Be3+ Bg5 23. Bxg5+ Kxg5 24. Qe3+ Kh5 25. Qe5+ Qf5 26. Qd4 Qg5+
27. Kb1 Nh6 28. Ne4 Bxe4 29. Qxe4 Rae8 30. Qh1 Qg2 31. Red1 Qxh1 0-1

[Event "4NCL Division Three Bishops"]
[Site "Telford, ENG"]
[Date "2024.01.07"]
[Round "4.45"]
[White "Bailey, Adrian"]
[Black "Jones, Mark A"]
[Result "0-1"]
[WhiteElo "1785"]
[BlackElo "1756"]
[PlyCount "78"]
[EventDate "2024.01.07"]
[WhiteTeam "Shropshire & Friends"]
[BlackTeam "Brown Jack"]

1. Nf3 d5 2. d4 Nf6 3. c4 c6 4. Nc3 dxc4 5. e4 b5 6. Be2 e6 7. O-O Bb7 8. Bg5
h6 9. Bh4 g5 10. Bg3 Nbd7 11. e5 Nd5 12. Ne4 Be7 13. Re1 O-O 14. Nd6 Bxd6 15.
exd6 c5 16. Ne5 cxd4 17. Nxd7 Qxd7 18. Qxd4 f6 19. Bh5 e5 20. Qd1 Rad8 21. Qc2
Nb4 22. Qe2 Nd3 23. Red1 Qxd6 24. Bg6 f5 25. Qh5 Rf6 26. Be8 f4 27. Bxb5 Qd5
28. Bxc4 Qxc4 29. Rac1 Qd5 30. f3 fxg3 31. hxg3 Qd4+ 32. Kh2 Qf2 33. Rf1 Qe2
34. Rcd1 e4 35. Kg1 exf3 36. gxf3 Bxf3 37. Qh3 g4 38. Qh2 Qe3+ 39. Rf2 Bxd1 0-1